| 000 | 00984nab a22002057a 4500 | ||
|---|---|---|---|
| 999 |
_c5808 _d5808 |
||
| 003 | OSt | ||
| 005 | 20260106223911.0 | ||
| 008 | 190514b xxu||||| |||| 00| 0 spa d | ||
| 040 | _cPJ | ||
| 100 |
_91002 _aPagano, Luz María |
||
| 245 | 1 | 0 |
_aViolencia institucional y salud mental / _cLuz M. Pagano. |
| 300 | _ap. 16-27 | ||
| 505 | _aSumario: I. Introducción.— II. Rasgos comunes a toda persona con discapacidad psicosocial en situación de encierro.— III. Violencia institucional.— IV. De violencias, microviolencias y “bromas”.— V. Violencia de género.— VI. Violencia institucional en la niñez y adolescencia.— VII. Algunas conclusiones. | ||
| 505 | _tSi te interesa el texto, comunicate a koha@justierradelfuego.gov.ar | ||
| 650 | 0 |
_92584 _aVIOLENCIA |
|
| 650 | 0 |
_9614 _aDERECHOS HUMANOS |
|
| 650 | 0 |
_91272 _aSALUD MENTAL |
|
| 773 | 0 |
_02844 _93222 _dBuenos Aires : AbeledoPerrot, 1989- _tDerecho de familia. N° 117 - Noviembre 2024 _z18511201 |
|
| 942 |
_2udc _cANA |
||